000 00915nam a2200253Ia 4500
003 GCL
008 140319s9999 xx 000 0 ara d
020 _a7028437977
040 _aGCL /
_cGCL
082 0 4 _a792.0943
_bر ر
100 1 _aاحمد سخسوخ
245 1 0 _aراديكالية المخرجين الشباب فى المسرح الالمانى المعاصر /
_cاحمد سخسوخ
700 1 _aرودر، انكه
700 1 _aزوخر، بيرند
700 1 _aعلى عبدالغفار فطوم
260 _aالقاهرة :
_bوزارة الثقافة - مهرجان القاهرة الدولى للمسرح التجريبى ،
_c2006
300 _a416 ص ؛
_c24 سم
650 0 4 _aالاخراج المسرحى
650 0 4 _aالمسرح - نقد
650 0 4 _aدافيد بوش
650 0 4 _aلاورنت شيتوان
650 0 4 _aفلوريان فيدلر
942 _2ddc
_cBK
999 _c9064
_d9064